Carregant...

Classical Keynesianism monetary theory and the price level

Dades bibliogràfiques
Autor principal: Weintraub, Sidney
Format: Printed Book
Publicat: Chilton Books Inc., New York 1961
Matèries:
LEADER 00526nam a2200193 4500
020
082 |a 330.156 WEI-C 
100 |a Weintraub, Sidney 
245 |a Classical Keynesianism monetary theory and the price level 
250
260 |a Chilton Books Inc., New York  |c 1961 
300
490
500
590
650 |a Keynesianism-- Economics 
942 |c BK 
999 |c 104084  |d 104084 
952 |0 0  |1 0  |4 0  |6 330_156000000000000_WEIC  |7 0  |9 117551  |a ECN  |b ECN  |l 0  |o 330.156 WEI-C  |p ECN01123  |r 2019-09-25  |w 2019-09-25  |y BK